| 000 | 00618 a2200181 4500 | ||
|---|---|---|---|
| 999 |
_c5239 _d5239 |
||
| 020 | _a0552090336 | ||
| 050 | 0 | 0 |
_aPR6060 JAR 1972 _aPR6060 JAR 1972 |
| 100 | 1 |
_aJarman, Rosemary Hawley. _eauthor |
|
| 245 | 1 | 0 |
_aWe speak no treason / _cRosemary Hawley Jarman |
| 264 |
_aLondon : _bCorgi Books, _c1972. |
||
| 300 | _a285p. : | ||
| 500 | _aBased on the life of Richard III. | ||
| 650 | 0 | _aRichard III, King of England, 1452-1485 -- Fiction | |
| 650 | 0 | _aGreat Britain -- History -- Richard III, 1483-1485 -- Fiction | |
| 650 | 0 | _aKings and rulers -- Fiction | |
| 651 | 0 | _aGreat Britain | |
| 942 |
_2lcc _cBK _h6060 _iJAR _kPR |
||